10 principales países con muertes de Covid-19 - 30 de abril - Estadísticas

Estadísticas generales
  • Esta prueba ha sido intentada 5 veces
  • La puntuación promedio es 10 de 13
Estadísticas de respuestas
país % Correcto
Alemania
100%
Bélgica
100%
España
100%
Estados Unidos
100%
Francia
100%
Brasil
80%
Italia
80%
Países Bajos
80%
Reino Unido
80%
Irlanda
60%
Suiza
60%
Irán
40%
Suecia
40%
No se encontraron pruebas coincidentes
Distribución de puntuación
Porcentaje de gente con cada puntuación
Porcentaje por número respondido
Historial de tus puntuaciones
No has intentado esta prueba.